Statistiques concernant Trouve les paroles - L'Assasymphonie - Mozart l'opéra rock

Cliquez ici pour prendre le quiz!

Statistiques générales

  • Ce quiz a été pris 180 fois
  • Le résultat moyen est 160 sur 211

Statistiques - réponses

Réponse% Correct
Je
99%
je
99%
La
99%
la
99%
me
99%
nuit
97%
A
95%
ce
93%
l'Assasymphonie
93%
mes
93%
nuits
89%
que
89%
qui
87%
Qui
87%
voue
87%
de
86%
Et
85%
ma
85%
tu
83%
Cette
82%
cette
82%
aux
81%
Aux
81%
ceux
81%
tous
81%
suis
80%
s'aiment
76%
blasphèmes
75%
folie
75%
insomnie
75%
J'avoue
75%
le
75%
guette
74%
sème
74%
maudis
73%
Elle
72%
tête
72%
mon
71%
Mon
71%
dit
70%
par
70%
requiems
70%
tes
70%
fuis
69%
intenable
68%
qu'il
68%
Quoi
68%
scie
66%
Ses
66%
ses
66%
advienne
65%
dans
64%
délits
64%
dépit
64%
cacophonie
63%
les
62%
On
62%
Tuant
62%
chaînes
61%
paieras
61%
peines
61%
Sans
60%
sans
60%
subis
59%
vous
58%
harmonie
57%
traîne
55%
être
54%
veux
54%
Assommante
52%
fatale
52%
hérésie
52%
vie
52%
concerto
50%
ronge
50%
esprit
49%
défaites
48%
envies
48%
faux
48%
Fête
48%
joue
48%
sonne
48%
violence
48%
ennui
47%
Renaître
47%
renaître
47%
renie
47%
symphonie
46%
violons
46%
mélomanie
44%
répit
44%
tapi
44%
toucher
44%
tue
44%
L'ennemi
43%
talent
43%
désharmonie
42%
noie
42%
défie
38%
Pleurent
38%
beau
36%
phobies
36%
Déconcertants
34%
Siphonnée
32%

Distribution des résultats

Percentile par nombre de réponses

% des personnes avec chaque résultat

Votre développement - résultats

Vous n’avez pas pris ce quiz